MARC details
| 000 -LEADER |
| campo de control de longitud fija |
01736nas a2200457 c 4500 |
| 001 - NÚMERO DE CONTROL |
| campo de control |
85815 |
| 003 - IDENTIFICADOR DE NÚMERO DE CONTROL |
| campo de control |
SpMaBN |
| 005 - FECHA Y HORA DE LA ÚLTIMA TRANSACCIÓN |
| campo de control |
20260416162251.0 |
| 007 - CAMPO FIJO DE DESCRIPCIÓN FÍSICA--INFORMACIÓN GENERAL |
| campo de control de longitud fija |
ta |
| 008 - DATOS DE LONGITUD FIJA--INFORMACIÓN GENERAL |
| campo de control de longitud fija |
950203d19221923sp x p 0uuub0spa |
| 016 7# - NÚMERO DE CONTROL DE UNA AGENCIA BIBLIOGRÁFICA NACIONAL |
| Número de control del registro |
biseBNE19950041421 |
| Fuente |
SpMaBN |
| Número de control cancelado/no válido |
REB940002087 |
| 022 0# - NÚMERO INTERNACIONAL NORMALIZADO PARA PUBLICACIONES SERIADAS |
| Número Internacional Normalizado para Publicaciones Seriadas |
2171-1674 |
| Fuente |
_u |
| ISSN Incorrecto |
9943-6604 |
| 035 ## - NÚMERO DE CONTROL DEL SISTEMA |
| Número de control de sistema |
(OCoLC)733169875 |
| 035 ## - NÚMERO DE CONTROL DEL SISTEMA |
| Número de control de sistema |
(SpMaBN)bise0000037161 |
| 040 ## - FUENTE DE CATALOGACIÓN |
| Centro catalogador/agencia de origen |
SpMaBN |
| Lengua de catalogación |
spa |
| Centro/agencia transcriptor |
SIC |
| Normas de descripción |
rdc |
| Centro/agencia modificador |
RABA |
| 080 ## - NÚMERO DE LA CLASIFICACIÓN DECIMAL UNIVERSAL |
| Número de la Clasificación Decimal Universal |
78.011.26 |
| 210 0# - TÍTULO ABREVIADO |
| Título abreviado |
Canción pop. |
| 222 #3 - TÍTULO CLAVE |
| Título clave |
La Canción popular |
| 245 03 - MENCIÓN DEL TÍTULO |
| Título |
La Canción popular : |
| Resto del título |
revista musical |
| 260 ## - PUBLICACIÓN, DISTRIBUCIÓN, ETC. |
| Lugar de publicación, distribución, etc. |
[Madrid] |
| Nombre del editor, distribuidor, etc. |
[La canción Popular] |
| Fecha de publicación, distribución, etc. |
1922-1923 |
| Lugar de fabricación/manufactura |
Madrid |
| Fabricante |
Torrent y Comp. |
| 300 ## - DESCRIPCIÓN FÍSICA |
| Extensión |
v. |
| Dimensiones |
31 cm |
| 310 ## - PERIODICIDAD ACTUAL |
| Periodicidad actual |
Irregular |
| 362 0# - FECHAS DE PUBLICACIÓN Y/O DESIGNACIÓN SECUENCIAL |
| Fecha de publicación y/o designación secuencial |
N. 1 ([abr.] 1922)-año 2, n. 14 (en. 1923) |
| 500 ## - NOTA GENERAL |
| Nota general |
Desde el n. 2 se encarga de la dirección artística Julio Gómez |
| 500 ## - NOTA GENERAL |
| Nota general |
Desde el n. 12 figura como director-propietario A. Reyes Moreno |
| 515 ## - NOTA DE PECULIARIDADES DE LA NUMERACIÓN |
| Nota de peculiaridades de la numeración |
De algunos numeros se publican nuevas ediciones |
| 594 ## - NOTA AL TÍT. Y MENCIÓN DE RESPONSABILIDAD |
| Nota general |
Título tomado de la cubierta |
| 650 #7 - PUNTO DE ACCESO ADICIONAL DE MATERIA--TÉRMINO DE MATERIA |
| Término de materia o nombre geográfico como elemento de entrada |
Música popular |
| Fuente del encabezamiento o término |
embne |
| 9 (RLIN) |
10694 |
| 650 #0 - PUNTO DE ACCESO ADICIONAL DE MATERIA--TÉRMINO DE MATERIA |
| Término de materia o nombre geográfico como elemento de entrada |
Música- |
| Subdivisión geográfica |
España- |
| Subdivisión de forma |
Publicaciones periódicas |
| 9 (RLIN) |
96865 |
| 650 #7 - PUNTO DE ACCESO ADICIONAL DE MATERIA--TÉRMINO DE MATERIA |
| Término de materia o nombre geográfico como elemento de entrada |
Canciones con piano y voz. |
| 9 (RLIN) |
53593 |
| 655 #7 - TERMINO DE INDIZACIÓN--GENERO/FORMA |
| Datos o término principal de género/forma |
Publicaciones periódicas. |
| 9 (RLIN) |
54133 |
| 700 1# - ENTRADA AGREGADA--NOMBRE PERSONAL |
| Nombre de persona |
Gómez, Julio |
| Fechas asociadas al nombre |
1886-1973 |
| Término indicativo de función/relación |
director de la publicación |
| 9 (RLIN) |
47404 |
| 752 ## - ENTRADA AGREGADA--NOMBRE JERÁRQUICO DEL LUGAR |
| País o entidad superior |
España |
| Jurisdicción política de primer nivel |
Madrid (Comunidad Autónoma) |
| Ciudad |
Madrid |
| Término indicativo de función/relación |
lugar de publicación |
| Relación |
pup |
| 776 08 - ENTRADA DE FORMULARIO FÍSICO ADICIONAL |
| Información de relación |
Versión en línea |
| Título |
Canción popular (Internet) |
| Número Internacional Normalizado para Publicaciones Seriadas |
2990-7136 |
| Número de control del registro |
991054094039708606 |
| 852 ## - LOCALIZACIÓN |
| Ubicación |
M-RABA |
| Número de control de estantería |
Rev-2382 |
| 856 41 - LOCALIZACIÓN Y ACCESO ELECTRÓNICOS |
| Identificador Uniforme de Recurso |
<a href="http://hemerotecadigital.bne.es/issn/2171-1674">http://hemerotecadigital.bne.es/issn/2171-1674</a> |
| Texto de enlace |
Hemeroteca Digital |
| 866 ## - MENCIÓN TEXTUAL DE FONDOS--UNIDAD BIBLIOGRÁFICA BÁSICA |
| Cadena textual |
1922, Año I, n. 3, n. 5, n. 7, n. 13 |
| 942 ## - ELEMENTOS DE ENTRADA SECUNDARIOS (KOHA) |
| Tipo de ítem Koha |
Periódicas |
| Suprimir en OPAC |
No |
| 980 ## - EQUIVALENCIA O REFERENCIA-CRUZADA-MENCIÓN DE SERIE--NOMBRE DE PERSONA/TÍTULO [LOCAL, CANADÁ] |
| Nombre de persona |
1 |